000 00338 a2200157 4500
001 45535
020 _a9788572085472
040 _cAnchieta - Aquarius
100 _aLeite, Marcia
240 1 0 _aEu sou assim, viu?
_lpor
245 1 0 _aEu sou assim, viu?
300 _a29
362 0 _a2008
650 4 _aLiteratura juvenil
942 _cBK
999 _c45535
_d45535